| 000 | 01112naa a2200301 c 4500 | ||
|---|---|---|---|
| 001 | 39062 | ||
| 003 | ES-MaCES | ||
| 005 | 20150925135659.0 | ||
| 008 | 090702n2009 sp t 000 | spa d | ||
| 035 | _aCES20090005050v | ||
| 040 |
_aES-MaCES _bspa _cES-MaCES |
||
| 100 | 1 |
_aLousada Arochena, José Fernando _917072 |
|
| 245 | 1 | 0 |
_aRepresalias sindicales en acceso al empleo, y carga de su prueba _b: comentario de la STC 183/2007, de 10 de septiembre (RTC 2007, 183) _cJosé Fernando Lousada Arochena |
| 650 | 4 |
_aEspaña _926964 |
|
| 650 | 4 |
_aconflicto de trabajo _928367 |
|
| 650 | 4 |
_anegociación _930753 |
|
| 650 | 4 |
_aderecho del trabajo _927165 |
|
| 650 | 4 |
_aresponsabilidad civil _929046 |
|
| 650 | 4 |
_asanción administrativa _931071 |
|
| 650 | 4 |
_aderecho de huelga _929350 |
|
| 650 | 4 |
_ahuelga _928376 |
|
| 653 | 1 | 0 | _aJurisprudencia |
| 650 | 4 |
_928369 _arelaciones laborales |
|
| 773 | 0 |
_tAranzadi social _gn. 2 (mayo 2009){10650 R. 074350}; p. 139-148 _w(ES-MaCES)25655 _967497 |
|
| 902 | _aART Artículo de revista | ||
| 942 |
_2CES _cAR _h6.2. |
||
| 999 |
_c39062 _d39062 |
||